| 000 | 00585nam a2200205Ia 4500 | ||
|---|---|---|---|
| 005 | 20250923144904.0 | ||
| 008 | 008 250917s9999 xx 000 0 eng d | ||
| 037 | _aTextual | ||
| 040 |
_aDSWL _beng _cDSWL |
||
| 041 |
_aeng _2eng |
||
| 084 |
_aX9J:75.2.N6, K4 _qDSWL |
||
| 100 |
_a Singh, Charan _9829470 |
||
| 245 | 0 |
_aIndia's poverty and its solution _cby Charan Singh |
|
| 260 |
_aBombay _bAsia Publishing House _c1964 |
||
| 300 | _axx,527p. | ||
| 365 |
_aINR _b26 |
||
| 925 | _g26 | ||
| 942 |
_cTEXL _hX9J:75.2.N6, K4 |
||
| 999 |
_c1444612 _d1444612 |
||